| 000 | 00800nam a2200193 a 4500 | ||
|---|---|---|---|
| 020 | _a1561733245 | ||
| 082 | 0 | 0 |
_a030 _bPUB _cL-NUST, P-47 |
| 245 | 0 | 0 | _aGeography. |
| 260 |
_aLincolnwood, Ill. : _bPublications International, _cc1992. |
||
| 300 |
_a32 p. : _bcol. ill., col. maps ; _c29 cm. |
||
| 500 | _aAt head of title: Encyclopaedia Britannica. | ||
| 500 | _aIncludes index. | ||
| 520 | _aPresents geographic trivia in brief paragraphs, for example why the coast of North Carolina is called the "Graveyard of the Atlantic," and how places in the United States are named. | ||
| 526 |
_a0 _b0 _c0 _d030_000000000000000_PUB |
||
| 650 | 0 |
_aGeography _xJuvenile literature. _946833 |
|
| 650 | 1 |
_aGeography _xMiscellanea. _946834 |
|
| 710 | 2 |
_aPublications International, Ltd. _946835 |
|
| 942 |
_2ddc _cBK |
||
| 999 |
_c550088 _d550088 |
||